The politics of time
Saved in:
| Other Authors: | |
|---|---|
| Format: | Book |
| Language: | English |
| Published: |
Washington :
American Anthropological Association,
1992
|
| Series: | American Ethnological Society monograph series ;
; 4 |
| Subjects: | |
| Tags: |
Add Tag
No Tags, Be the first to tag this record!
|
MARC
| LEADER | 00000nam a2200000 i 4500 | ||
|---|---|---|---|
| 001 | 1/4137 | ||
| 008 | 960506s1992 eng d | ||
| 020 | |a 0-913167-49-5 | ||
| 035 | |l 10015470 | ||
| 040 | |a GR-MY-UA |b gre |e aacr | ||
| 041 | 0 | |a eng | |
| 082 | 0 | |a 306.2 | |
| 245 | 1 | 4 | |a The politics of time / |c edited by Henry J. Rutz |
| 260 | |a Washington : |b American Anthropological Association, |c 1992 | ||
| 300 | |a 194 p. | ||
| 490 | 1 | |a American Ethnological Society monograph series |v ; 4 | |
| 504 | |a Includes bibliographical references | ||
| 650 | 0 | 0 | |a Political anthropology. |
| 650 | 0 | 0 | |a Time |x Sociological aspects. |
| 700 | 1 | |a Rutz, Henry J. |4 edt | |
| 830 | 0 | |a American Ethnological Society monograph series ; |v ; 4 | |
| 852 | |a INST |b LESVOS |e 19960506 |h 306.2 POL |p 005100010352 |q 005100010352 |t BK |y 0 | ||
| 909 | |a Λ |b 045036 | ||